00885nam a2200265 ia4500003000400000005001700004008004100021020002300062020003800085040002500123082001400148100003600162245005000198264008300248300006800331336002100399337002500420338002300445490002900468500003700497650000900534650002200543650002500565830002900590OSt20220907104641.0211217s2022 my ao j 000 0 may  a9789672372714qset a9789672372707cRM31.00qpaperback aPPAKbengcPPAKerda04223a641.30 aAmir Zakaria, d1971- eauthor.10aENAKNYA MAKANAN TIMUR TENGAH / cAmir Zakaria 1aPuchong, Selangor : bImpiana Publications & Distributors Sdn. Bhd., c[2022?] a40 pages : bcolour illustrations, colour photographs ; c26 cm 2rdacontentatext 2rdamediaaunmediated 2rdacarrieravolume1 aCita Rasa Makanan Global aIncludes questions and exercises10aFood20aFoodzMiddle East20aCookingzMiddle East 0aCita rasa makanan global